000 00655nam a2200241Ia 4500
003 OSt
005 20220928102810.0
006 a|||||r|||| 00| 0
007 ta
008 220927b |||||||| |||| 00| 0 eng d
024 _a56180
037 _cTextual
040 _aSDCL
_cSDCL
_beng
041 _2eng
_aeng
082 _aR6,4, M2
100 _aCrawford S Cromwell
_9400393
245 0 _aEvolution of Hindu ethical ideals .
260 _aAsian
_bUniversity of Hawaii
_c1982
300 _a180p.
_ccm.
490 _aAsian Studies at Hawaii ,No.28 .
942 _hR6,4, M2
_cTEXL
_2CC
999 _c716303
_d716303